| 000 | 01202pam a2200361 i 4500 | ||
|---|---|---|---|
| 999 |
_c757 _d757 |
||
| 001 | 018467499 | ||
| 003 | Uk | ||
| 005 | 20191206115752.0 | ||
| 008 | 170719r20172016enka j 000|j|eng|d | ||
| 015 |
_aGBB7E3668 _2bnb |
||
| 016 | 7 |
_a018467499 _2Uk |
|
| 020 |
_a9780141371658 _qpaperback |
||
| 040 |
_aStDuBDS _beng _cStDuBDS _dUk _erda |
||
| 042 | _aukblcatcopy | ||
| 082 | _aFIC RIG | ||
| 100 | 1 |
_aRiggs, Ransom _eauthor. |
|
| 245 | 1 | 0 |
_aTales of the peculiar / _cRansom Riggs, Millard Nullings, ; illustrations by Andrew Davidson. |
| 264 | 1 |
_aLondon : _bPenguin Books, _c[2017] |
|
| 300 |
_a190 pages : _billustrations (black and white) ; _c20 cm. |
||
| 336 |
_atext _2rdacontent |
||
| 336 |
_astill image _2rdacontent |
||
| 337 |
_aunmediated _2rdamedia |
||
| 338 |
_avolume _2rdacarrier |
||
| 490 | 0 | _aMiss Peregrine's peculiar children | |
| 500 | _aOriginally published: 2016. | ||
| 500 |
_aFormerly CIP. _5Uk |
||
| 650 | 0 | _aFantasy fiction, American. | |
| 650 | 0 | _aYoung adult fiction, American. | |
| 700 | 1 |
_aDavidson, Andrew, _d1958- _eillustrator. |
|
| 700 | 1 |
_aNullings, Millard _eauthor. _q(fictional character) |
|
| 942 |
_2ddc _cFIC |
||